Eläimiä maiden nimissä - Statistics

Yleistilastot
  • Tätä visaa on pelattu 209 kertaa
    205 viimeisimmän päivityksen jälkeen
  • Keskiarvotulos 3 / 5
Vastaustilastot
Eläin Maa % Oikein
Norsu Norsunluurannikko
91%
Kana Kanada
74%
Hai Haiti
73%
Thaimaa
45%
Ori Komorit
7%
Ehtoja vastaavia visoja ei löytynyt
Tulosjakauma
Jokaisen tuloksen saaneiden osuus
Persentiili vastausten määrän mukaan
Tuloshistoriasi
Et ole pelannut tätä visaa sen viimeisimmän päivityksen jälkeen